The brotherhood : (Record no. 169349)

MARC details
000 -LEADER
fixed length control field 00482nam a22001817a 4500
005 - DATE AND TIME OF LATEST TRANSACTION
control field 20191115144609.0
010 ## - LCCN (DPL NO)
LC control number ENG-126914
020 ## - INTERNATIONAL STANDARD BOOK NUMBER
Terms of availability 250.00
International Standard Book Number 8180643239
035 ## - SYSTEM CONTROL NUMBER
System control number EN-110446
037 ## - SOURCE OF ACQUISITION
Source of stock number/acquisition DBAD/PUB
082 ## - DEWEY DECIMAL CLASSIFICATION NUMBER
Classification number N
100 ## - MAIN ENTRY--PERSONAL NAME
Personal name Nishan K
245 ## - TITLE STATEMENT
Title The brotherhood :
Statement of responsibility, etc by Nishan K
Remainder of title the rising four /
260 ## - PUBLICATION, DISTRIBUTION, ETC. (IMPRINT)
Place of publication, distribution, etc Kolkata
Name of publisher, distributor, etc Progressive Publishers
Date of publication, distribution, etc 2019
270 ## - ADDRESS
Address 37A, College Street
Postal code 700073
City Kolkata
300 ## - PHYSICAL DESCRIPTION
Extent 266p.
Dimensions 21cm(Hb)
942 ## - ADDED ENTRY ELEMENTS (KOHA)
Source of classification or shelving scheme Dewey Decimal Classification
Item type English Books
Classification part N
Call number suffix NIS
Holdings
Withdrawn status Lost status Not for loan Collection code Home library Current library Date acquired Source of acquisition Cost, normal purchase price Full call number Barcode Copy number Cost, replacement price Koha item type
      Non-fiction Central Library Central Library 15/11/2019 DBAD/PUB 250.00 N NIS EN-110446 1 250.00 English Books

© Delhi Public Library
Hit Counter
free hit counter